000 00858nam a2200277 i 4500
001 bg
100 1 _aAckoff, Russel Lincoln
_d(1919- ).
245 1 0 _aZarządzanie w małych dawkach /
_cRussell L. Ackoff ; przekł. [z ang.] Bronisław Pohoryles.
246 _iTyt. oryg.:
_aManagement in small doses
260 _aWarszawa :
_bWydawnictwo Naukowe PWN,
_c1993.
300 _a144, [2] s. :
_brys., wykr. ;
_c21 cm.
500 _aOryg. : "Management in small doses" 1986.
650 4 _aZarządzanie
_xgospodarka
650 4 _aPrzedsiębiorstwo
_xorganizacja
650 4 _aPoradniki
700 1 _aPohoryles, Bronisław.
_eTł.
020 _a8301111194
040 _cBPK
041 1 _apol
_heng
080 _a005
080 _a658.1/.5
080 _a(083.1)
920 _a83-01-11119-4
942 _cKS
008 s pl f |000 0 pol
999 _c24769
_d24769
856 _uhttp://koha.tu.koszalin.pl/cgi-bin/koha/opac-detail.pl?biblionumber=24769
_yKatalog online BPK